| 000 | 00720nam a22002177a 4500 | ||
|---|---|---|---|
| 005 | 20240305165405.0 | ||
| 007 | cr|||| |||| | ||
| 008 | 130226e2011 mx |||||s|||| 00||0 spa d | ||
| 020 | _a978-607-762-101-0 | ||
| 035 | _a7074 | ||
| 040 | _avLex | ||
| 090 |
_c3777 _d3777 |
||
| 245 | 0 | 0 |
_aGuía de estudio para la asignatura formación e información tributaria _h[Recurso electrónico] |
| 256 | _aServicio en línea | ||
| 260 |
_aMéxico D.F. : _bInstituto Mexicano de Contadores Públicos, _c2011 |
||
| 300 | _a1 Recurso electrónico | ||
| 650 | 0 | 4 |
_aDerecho tributario _zMéxico |
| 740 | _avLex Libros (Servicio en línea) | ||
| 856 |
_aAcceso restringido _uhttp://www.vlex.com/source/7074 |
||
| 942 | _cRAA | ||
| 999 |
_c162159 _d162159 |
||